| 000 | 01405 am a2200409 a 4500 | ||
|---|---|---|---|
| 005 | 20240530125501.0 | ||
| 008 | 110405s2010||||sp a f |||| 001 0 spa d | ||
| 020 | _a9788498352825 | ||
| 041 | _aspa | ||
| 092 |
_c617 _l65 _sPAR |
||
| 100 | 1 |
_aParrila Paricio, Pascual _eDir. _9702 |
|
| 245 |
_aCirugía AEC. _bManual de la Asociación Española de Cirujanos / _cPascual Parrilla Paricio |
||
| 250 | _a2a ed. | ||
| 260 |
_aMadrid: _bEditorial Médica Panamericana ; Asociación Española de Cirujanos; _c2010. |
||
| 300 | _a1227 p. | ||
| 500 | _aParrila Paricio, P. y Landa García, J. I. (Dir.). (2010). Cirugía AEC. Manual de la Asociación Española de Cirujanos. (2a ed.). Madrid : Editorial Médica Panamericana ; Asociación Española de Cirujanos. | ||
| 590 | _aCompra FACIMED Feb. 2011. | ||
| 653 | _aInfecciones en cirugía | ||
| 653 | _aPared abdominal | ||
| 653 | _aEsófago | ||
| 653 | _aEstómago | ||
| 653 | _aIntestino delgado | ||
| 653 | _aApéndice, colon y recto | ||
| 653 | _aAno | ||
| 653 | _aHígado, vías biliares y páncreas | ||
| 653 | _aBazo | ||
| 653 | _aCirugía endocrina | ||
| 653 | _aCirugía torácica | ||
| 653 | _aMama | ||
| 653 | _aCirugía vascular | ||
| 653 | _aTrauma | ||
| 653 | _aPiel y partes blandas. Retroperitoneo | ||
| 700 | 1 |
_aLanda García, José Ignacio _eDir. _9703 |
|
| 930 | _a2222 | ||
| 930 | _a2223 | ||
| 942 |
_2ddc _cBK |
||
| 999 |
_c818 _d818 |
||